ARRUPE JESUIT UNIVERSITY

CORONAVIRUS -STOP THE SPREAD - CLEAN,DISINFECT,COVER

Christian theology : (Record no. 127322)

MARC details
000 -LEADER
fixed length control field 02201cam a22003614a 4500
001 - CONTROL NUMBER
control field 14300581
003 - CONTROL NUMBER IDENTIFIER
control field ARRUPE
005 - DATE AND TIME OF LATEST TRANSACTION
control field 20180110124159.0
008 - FIXED-LENGTH DATA ELEMENTS--GENERAL INFORMATION
fixed length control field 060315s2007 mauab b 001 0 eng
010 ## - LIBRARY OF CONGRESS CONTROL NUMBER
LC control number 2006008996
015 ## - NATIONAL BIBLIOGRAPHY NUMBER
National bibliography number GBA668492
Source bnb
016 7# - NATIONAL BIBLIOGRAPHIC AGENCY CONTROL NUMBER
Record control number 013527397
Source Uk
020 ## - INTERNATIONAL STANDARD BOOK NUMBER
International Standard Book Number 1405153601 (pbk. : alk. paper)
020 ## - INTERNATIONAL STANDARD BOOK NUMBER
International Standard Book Number 9781405153607 (pbk. : alk. paper)
035 ## - SYSTEM CONTROL NUMBER
System control number (OCoLC)ocm65165417
035 ## - SYSTEM CONTROL NUMBER
System control number (OCoLC)65165417
040 ## - CATALOGING SOURCE
Original cataloging agency DLC
Transcribing agency DLC
Modifying agency DLC
042 ## - AUTHENTICATION CODE
Authentication code pcc
050 00 - LIBRARY OF CONGRESS CALL NUMBER
Classification number BT65
Item number .M34 2007
082 00 - DEWEY DECIMAL CLASSIFICATION NUMBER
Classification number 230
Edition number 22
300 ## - PHYSICAL DESCRIPTION
Other physical details ill., maps ;
Dimensions 24 cm.
100 1# - MAIN ENTRY--PERSONAL NAME
Personal name McGrath, Alister E.,
Dates associated with a name 1953-
9 (RLIN) 9856
245 10 - TITLE STATEMENT
Title Christian theology :
Remainder of title an introduction /
Statement of responsibility, etc Alister E. McGrath.
250 ## - EDITION STATEMENT
Edition statement 4th ed.
260 ## - PUBLICATION, DISTRIBUTION, ETC. (IMPRINT)
Place of publication, distribution, etc Malden, MA :
Name of publisher, distributor, etc Blackwell Pub.,
Date of publication, distribution, etc 2007.
300 ## - PHYSICAL DESCRIPTION
Extent xxix, 534 p. :
504 ## - BIBLIOGRAPHY, ETC. NOTE
Bibliography, etc Includes bibliographical references and index.
505 0# - FORMATTED CONTENTS NOTE
Formatted contents note The patristic period, c.100-c.700 -- The Middle Ages and the Renaissance, c.700-c.1500 -- The age of Reformation, c.1500-c.1750 -- The modern period, c.1750-the present -- Getting started: preliminaries -- The sources of theology -- Knowledge of God: natural and revealed -- Philosophy and theology: introducing a dialogue -- The doctrine of God -- The doctrine of the Trinity -- The doctrine of the person of Christ -- Faith and history: the Christological agenda of modernity -- The doctrine of salvation in Christ -- The doctrines of human nature, sin, and grace -- The doctrine of the church -- The doctrine of the sacraments -- Christianity and the world religions -- The last things: the Christian hope.
650 #0 - SUBJECT ADDED ENTRY--TOPICAL TERM
Topical term or geographic name as entry element Theology, Doctrinal.
9 (RLIN) 38321
856 41 - ELECTRONIC LOCATION AND ACCESS
Materials specified Table of contents only
Uniform Resource Identifier <a href="http://www.loc.gov/catdir/toc/ecip0610/2006008996.html">http://www.loc.gov/catdir/toc/ecip0610/2006008996.html</a>
856 42 - ELECTRONIC LOCATION AND ACCESS
Materials specified Contributor biographical information
Uniform Resource Identifier <a href="http://www.loc.gov/catdir/enhancements/fy0827/2006008996-b.html">http://www.loc.gov/catdir/enhancements/fy0827/2006008996-b.html</a>
856 42 - ELECTRONIC LOCATION AND ACCESS
Materials specified Publisher description
Uniform Resource Identifier <a href="http://www.loc.gov/catdir/enhancements/fy0827/2006008996-d.html">http://www.loc.gov/catdir/enhancements/fy0827/2006008996-d.html</a>
906 ## - LOCAL DATA ELEMENT F, LDF (RLIN)
a 7
b cbc
c orignew
d 1
e ecip
f 20
g y-gencatlg
942 ## - ADDED ENTRY ELEMENTS (KOHA)
Source of classification or shelving scheme Library of Congress Classification
Koha item type Monograph ( Printed materials)
Holdings
Withdrawn status Lost status Source of classification or shelving scheme Damaged status Not for loan Collection code Home library Current library Shelving location Date acquired Total Checkouts Full call number Barcode Date last seen Date checked out Price effective from Koha item type
    Library of Congress Classification     Main Collection ARRUPE LIBRARY ARRUPE LIBRARY Main Collection 10/01/2018 1 BT65 .M34 2007 46600000294 06/06/2023 26/04/2023 10/01/2018 Monograph ( Printed materials)

 

Arrupe Library. PO Box MP320 Mt Pleasant, Harare, Zimbabwe
263 242 745411|librarian@aju.ac.zw